|
|
|
|
| LEADER |
01066nam a22003257a 4500 |
| 001 |
30554 |
| 003 |
BD-DhAAL |
| 005 |
20151122162802.0 |
| 008 |
150902s1993 bg a|||| |||| 00| 0 eng d |
| 040 |
|
|
|a BD-DhAAL
|c BD-DhAAL
|
| 082 |
|
|
|2 22
|a 307.1412095492
|
| 999 |
|
|
|c 36283
|d 36283
|
| 999 |
|
|
|c 36268
|
| 999 |
|
|
|c 36268 | 36252 | 35418
|
| 999 |
|
|
|c 36252
|
| 999 |
|
|
|c 35418
|
| 100 |
|
|
|a Abdullah, Tahrunnesa
|9 16448
|
| 245 |
|
|
|a BRAC's paralegal program :
|b an impact study /
|c Tahrunnesa Abdullah [et al.]
|
| 260 |
|
|
|a Dhaka :
|b BRAC,
|c 1993
|
| 300 |
|
|
|a [115] p. :
|b ill. ;
|c 28 cm.
|
| 541 |
|
|
|e 30554
|
| 610 |
|
|
|a BRAC
|9 14374
|
| 650 |
|
|
|a Rural Development
|z Bangladesh
|9 14375
|
| 700 |
|
|
|a Kabir, Nihad
|9 16449
|
| 700 |
|
|
|a Reazuddin, Md.
|9 16450
|
| 700 |
|
|
|a Khan, Adilur Rahman
|9 16476
|
| 710 |
|
|
|a BRAC
|9 14374
|
| 852 |
|
|
|a Ayesha Abed Library
|c BRAC Resource Section
|
| 942 |
|
|
|2 ddc
|c BK
|
| 952 |
|
|
|0 0
|1 0
|2 ddc
|4 0
|6 307_141209549200000_ABD
|7 0
|9 57033
|a BRACUL
|b BRACUL
|c BRS
|d 2015-11-22
|e BRAC
|l 0
|o 307.1412095492 ABD
|p 3010030554
|r 2015-11-22
|t 1
|w 2015-11-22
|y BK
|